000 00304nam a22001337a 4500
008 181204b xxu||||| |||| 00| 0 eng d
020 _a0716702584
041 _aeng
080 _a910
100 _a42
101 _aGJEO
245 _aPlate Tectonics and Geomagnetic Rversals
_cCox,A
942 _2udc
_cBK
999 _c52830
_d52830